[Event "RUS-chT Higher League 2021"]
[Site "Sochi"]
[Date "2021.05.07"]
[Round "6.7"]
[White "Pogromsky, Mikhail"]
[Black "Sharikov, Alexander"]
[Result "1-0"]
[WhiteElo "2422"]
[BlackElo "2132"]
[Annotator "NA"]
[PlyCount "73"]
[EventDate "2021.05.01"]
[EventType "team-tourn"]
[EventCountry "RUS"]
[SourceTitle "playchess.com"]
[Source "ChessBase"]
[SourceQuality "1"]
[TimeControl "40/5400+30:1800+30"]

1. Nf3 {[%emt 0:00:00]} Nf6 {[%emt 0:00:00]} 2. c4 {[%emt 0:00:00]} e6 {[%emt 0:00:00]} 3. g3 {[%emt 0:01:00]} a6 {[%emt 0:01:07]} 4. Bg2 {[%emt 0:01:19]} b5 {[%emt 0:00:09]} 5. b3 {[%emt 0:01:04]} Bb7 {[%emt 0:00:10]} 6. O-O {[%emt 0:02:57]} Be7 {[%emt 0:01:19]} 7. Bb2 {[%emt 0:04:31]} bxc4 {[%emt 0:04:11]} 8. bxc4 {[%emt 0:00:07]} c5 {[%emt 0:00:07]} 9. Nc3 {[%emt 0:08:29]} O-O {[%emt 0:01:14]} 10. Rb1 {[%emt 0:04:55]} Qc7 {[%emt 0:03:04]} 11. e3 {[%emt 0:07:37]} d6 {[%emt 0:02:19]} 12. Ba1 {[%emt 0:03:04]} Nbd7 {[%emt 0:06:28]} 13. Qe2 {[%emt 0:05:52]} Rab8 {[%emt 0:04:18]} 14. d3 {[%emt 0:02:09]} Ba8 {[%emt 0:08:54]} 15. Rbd1 {[%emt 0:10:13]} Rfc8 {[%emt 0:01:53]} 16. h3 {[%emt 0:02:37]} Qa5 {[%emt 0:05:04]} 17. g4 {[%emt 0:03:11]} h6 {[%emt 0:08:38]} 18. Ne1 {[%emt 0:04:08]} Bxg2 {[%emt 0:00:54]} 19. Nxg2 {[%emt 0:00:10]} Re8 {[%emt 0:08:45]} 20. f4 {[%emt 0:04:29]} Nh7 {[%emt 0:00:59]} 21. h4 {[%emt 0:00:48]} g6 {[%emt 0:07:47]} 22. f5 {[%emt 0:09:20]} Bf6 {[%emt 0:06:53]} 23. fxg6 {[%emt 0:00:36]} fxg6 {[%emt 0:00:11]} 24. Qc2 {[%emt 0:04:28]} g5 {[%emt 0:06:54]} 25. d4 {[%emt 0:01:51]} cxd4 {[%emt 0:00:43]} 26. Qg6+ {[%emt 0:01:04]} Kh8 {[%emt 0:01:34]} 27. exd4 {[%emt 0:03:24]} Re7 {[%emt 0:03:29]} 28. Ne4 {[%emt 0:01:14]} Rg8 {[%emt 0:01:55]} 29. Qxh6 {[%emt 0:01:09]} Bg7 {[%emt 0:00:42]} 30. Qh5 {[%emt 0:00:21]} Qxa2 {[%emt 0:00:49]} 31. hxg5 {[%emt 0:01:28]} d5 {[%emt 0:01:08]} 32. g6 {[%emt 0:01:48]} Bf8 {[%emt 0:00:25]} 33. Ng5 {[%emt 0:01:15]} Rxg6 {[%emt 0:02:07]} 34. Qxg6 {[%emt 0:00:15]} Rg7 {[%emt 0:00:02]} 35. Nf7+ {[%emt 0:00:24]} Kg8 {[%emt 0:00:01]} 36. Qxe6 {[%emt 0:00:24]} Qe2 {[%emt 0:00:32]} 37. Qxe2 {[%emt 0:00:11]} 1-0

[Event "RUS-chT Higher League 2021"]
[Site "Sochi"]
[Date "2021.05.07"]
[Round "6.8"]
[White "Bobkov, Vadim"]
[Black "Matveev, Vladimir"]
[Result "1-0"]
[WhiteElo "2265"]
[BlackElo "2368"]
[Annotator "NA"]
[PlyCount "83"]
[EventDate "2021.05.01"]
[EventType "team-tourn"]
[EventCountry "RUS"]
[SourceTitle "playchess.com"]
[Source "ChessBase"]
[SourceQuality "1"]
[TimeControl "40/5400+30:1800+30"]

1. d4 {[%emt 0:00:00]} Nf6 {[%emt 0:00:00]} 2. c4 {[%emt 0:00:00]} g6 {[%emt 0:00:00]} 3. Nc3 {[%emt 0:00:00]} Bg7 {[%emt 0:00:00]} 4. e4 {[%emt 0:00:39]} O-O {[%emt 0:00:00]} 5. Be2 {[%emt 0:00:05]} d6 {[%emt 0:00:04]} 6. Bg5 {[%emt 0:00:06]} Na6 {[%emt 0:01:12]} 7. Nf3 {[%emt 0:00:26]} Qe8 {[%emt 0:00:39]} 8. O-O {[%emt 0:04:30]} e5 {[%emt 0:00:18]} 9. Bxf6 {[%emt 0:01:42]} Bxf6 {[%emt 0:00:18]} 10. c5 {[%emt 0:00:05]} exd4 {[%emt 0:29:46]} 11. Nd5 {[%emt 0:00:31]} Bd8 {[%emt 0:00:03]} 12. Bxa6 {[%emt 0:00:10]} c6 {[%emt 0:00:02]} 13. Qxd4 {[%emt 0:16:13]} dxc5 {[%emt 0:17:15]} 14. Nf6+ {[%emt 0:02:02]} Bxf6 {[%emt 0:00:12]} 15. Qxf6 {[%emt 0:00:34]} bxa6 {[%emt 0:00:08]} 16. Rfe1 {[%emt 0:01:08]} Qd8 {[%emt 0:09:12]} 17. Qc3 {[%emt 0:06:07]} Rb8 {[%emt 0:04:05]} 18. b3 {[%emt 0:02:00]} Rb5 {[%emt 0:00:52]} 19. Rac1 {[%emt 0:06:26]} Be6 {[%emt 0:01:08]} 20. Qe3 {[%emt 0:16:48]} Qe7 {[%emt 0:01:41]} 21. Rc3 {[%emt 0:03:01]} Bg4 {[%emt 0:11:21]} 22. Nd2 {[%emt 0:02:17]} Rd8 {[%emt 0:00:33]} 23. h3 {[%emt 0:01:17]} Be6 {[%emt 0:02:33]} 24. Nf3 {[%emt 0:02:03]} a5 {[%emt 0:04:22]} 25. Rec1 {[%emt 0:06:47]} a4 {[%emt 0:02:24]} 26. bxa4 {[%emt 0:00:05]} Rb4 {[%emt 0:00:06]} 27. a3 {[%emt 0:00:39]} Rxa4 {[%emt 0:00:33]} 28. Rxc5 {[%emt 0:00:06]} Bd7 {[%emt 0:07:15]} 29. Ne5 {[%emt 0:05:03]} Kg7 {[%emt 0:02:45]} 30. f3 {[%emt 0:09:04]} h5 {[%emt 0:00:58]} 31. Qc3 {[%emt 0:11:58]} f6 {[%emt 0:00:12]} 32. Nd3 {[%emt 0:01:03]} Qd6 {[%emt 0:01:55]} 33. Nb4 {[%emt 0:01:52]} Qg3 {[%emt 0:02:05]} 34. e5 {[%emt 0:00:49]} Bxh3 {[%emt 0:01:17]} 35. exf6+ {[%emt 0:00:03]} Kh6 {[%emt 0:01:24]} 36. Qe3+ {[%emt 0:00:08]} g5 {[%emt 0:00:04]} 37. R5c2 {[%emt 0:00:40]} Bf5 {[%emt 0:00:31]} 38. Rxc6 {[%emt 0:00:46]} Qf4 {[%emt 0:00:09]} 39. f7+ {[%emt 0:01:37]} Kg7 {[%emt 0:00:16]} 40. Qc3+ {[%emt 0:00:00]} Qd4+ {[%emt 0:00:00]} 41. Qxd4+ {[%emt 0:00:08]} Rxd4 {[%emt 0:00:06]} 42. Rf6 {[%emt 0:00:20]} 1-0

[Event "RUS-chT Higher League 2021"]
[Site "Sochi"]
[Date "2021.05.07"]
[Round "6.9"]
[White "Kokarev, Dmitry"]
[Black "Sveshnikov, Evgeny"]
[Result "1-0"]
[WhiteElo "2631"]
[BlackElo "2478"]
[Annotator "TA"]
[PlyCount "91"]
[EventDate "2021.05.01"]
[EventType "team-tourn"]
[EventCountry "RUS"]
[SourceTitle "playchess.com"]
[Source "ChessBase"]
[SourceQuality "1"]

{[%evp 11,91,32,20,35,24,27,31,32,47,37,47,40,65,49,56,50,50,45,39,53,54,29,29,38,76,29,45,28,28,32,24,24,33,39,54,12,43,37,46,39,45,46,54,55,68,73,73,63,81,22,25,21,21,24,21,0,126,115,116,138,151,155,143,137,202,205,205,201,197,193,205,204,207,198,206,204,202,195,191,176,1229,1215]} 1. e4 c5 2. Nf3 Nc6 3. d4 cxd4 4. Nxd4 e5 5. Nb5 d6 6. c4 Be7 7. N5c3 {B32: Sicilian: Löwenthal and Kalashnikov Variations.} Nf6 8. Be2 O-O 9. O-O {White is slightly better.} Be6 10. Be3 h6 {[#]} 11. Na3 $146 ({Predecessor:} 11. f3 Ne8 12. Nd5 Bg5 13. Bf2 b6 14. Nbc3 g6 15. Qd3 f5 16. exf5 gxf5 {0-1 (37) Gronroos,M-Kilpela,P Helsinki 1996}) 11... Ne8 12. Bg4 Bg5 13. Bxe6 fxe6 14. Qg4 Qe7 15. Bxg5 hxg5 16. Rad1 Rf4 17. Qg3 Nd4 18. Qd3 a6 19. Nc2 Nxc2 20. Qxc2 Rc8 21. Qd3 g4 22. b3 Rf6 23. a4 Qf7 24. Qg3 Rf4 25. Rd3 Rc6 26. Qe3 Nf6 27. Qe2 Rb6 28. Qd1 Qc7 29. Re1 Qc5 30. Ree3 ({Better is} 30. Rde3 $16) 30... Qa3 $11 31. g3 {[#] Threatens to win with Nb1.} Rf3 $1 {[%cal Rf3e3] aiming for ...Rxe3.} 32. Nb1 $36 {[%mdl 2048] Black is under pressure.} Qa1 33. Kg2 Qb2 (33... Rxe3 $11 34. Rxe3 Rc6) 34. Rd2 $16 Qa1 35. Rxf3 gxf3+ 36. Kxf3 Rc6 37. Re2 d5 (37... Kf7 $16 {was called for.} 38. Re1 Qb2) 38. cxd5 $18 (38. exd5 $6 Rd6 $16) 38... exd5 39. exd5 Rd6 40. Qc2 Rxd5 {[#]} 41. Kg2 $1 Qd4 42. Qc8+ Kh7 43. Qf5+ ({Don't play} 43. Qxb7 $6 Qd3 $14) 43... Kh6 44. Rd2 Qc5 45. Rc2 Qb4 (45... Qd6) 46. Rc4 {Weighted Error Value: White=0.08/Black=0.15} 1-0

[Event "RUS-chT Higher League 2021"]
[Site "Sochi"]
[Date "2021.05.07"]
[Round "6.10"]
[White "Balashov, Yuri S"]
[Black "Pridorozhni, Aleksei"]
[Result "0-1"]
[WhiteElo "2461"]
[BlackElo "2555"]
[Annotator "ChessBase"]
[PlyCount "108"]
[EventDate "2021.05.01"]
[EventType "team-tourn"]
[EventCountry "RUS"]
[SourceTitle "playchess.com"]
[Source "ChessBase"]
[SourceQuality "1"]
[TimeControl "40/5400+30:1800+30"]

1. d4 {[%emt 0:00:00]} d5 {[%emt 0:00:00]} 2. c4 {[%emt 0:00:00]} e6 {[%emt 0:00:00]} 3. Nc3 {[%emt 0:00:19]} c6 {[%emt 0:00:00]} 4. e3 {[%emt 0:00:56]} Nf6 {[%emt 0:00:09]} 5. Nf3 {[%emt 0:00:34]} Nbd7 {[%emt 0:00:08]} 6. Bd3 {[%emt 0:00:59]} dxc4 {[%emt 0:00:23]} 7. Bxc4 {[%emt 0:00:07]} b5 {[%emt 0:00:04]} 8. Be2 {[%emt 0:01:25]} Bb7 {[%emt 0:02:01]} 9. e4 {[%emt 0:01:41]} b4 {[%emt 0:00:49]} 10. e5 {[%emt 0:00:15]} bxc3 {[%emt 0:00:18]} 11. exf6 {[%emt 0:00:20]} cxb2 {[%emt 0:00:06]} 12. fxg7 {[%emt 0:00:23]} bxa1=Q {[%emt 0:00:11]} 13. gxh8=Q {[%emt 0:00:19]} Qa5+ {[%emt 0:00:10]} 14. Nd2 {[%emt 0:01:46]} c5 {[%emt 0:08:48]} 15. O-O {[%emt 0:01:36]} Qxd4 {[%emt 0:00:23]} 16. Nc4 {[%emt 0:09:14]} Qxh8 {[%emt 0:10:32]} 17. Nxa5 {[%emt 0:00:10]} Bd5 {[%emt 0:00:04]} 18. Bf3 {[%emt 0:08:34]} Qd4 {[%emt 0:00:27]} 19. Qe2 {[%emt 0:08:01]} Bxf3 {[%emt 0:02:48]} 20. Qxf3 {[%emt 0:00:06]} Qd5 {[%emt 0:00:05]} 21. Qe2 {[%emt 0:00:50]} Bg7 {[%emt 0:00:55]} 22. Bf4 {[%emt 0:03:28]} Bd4 {[%emt 0:05:00]} 23. Nc4 {[%emt 0:03:25]} e5 {[%emt 0:03:07]} 24. Re1 {[%emt 0:01:14]} f6 {[%emt 0:00:46]} 25. Be3 {[%emt 0:09:51]} Rb8 {[%emt 0:04:29]} 26. Qc2 {[%emt 0:04:48]} Rb4 {[%emt 0:15:07]} 27. Rc1 {[%emt 0:00:21]} Nb6 {[%emt 0:00:18]} 28. Nxb6 {[%emt 0:00:30]} axb6 {[%emt 0:00:07]} 29. Qxh7 {[%emt 0:01:41]} Qxa2 {[%emt 0:00:35]} 30. Qg6+ {[%emt 0:01:17]} Ke7 {[%emt 0:01:04]} 31. Qh7+ {[%emt 0:02:56]} Qf7 {[%emt 0:00:48]} 32. Qd3 {[%emt 0:00:40]} Rb3 {[%emt 0:05:15]} 33. Qe4 {[%emt 0:00:31]} f5 {[%emt 0:02:12]} 34. Qh4+ {[%emt 0:02:26]} Kd7 {[%emt 0:00:49]} 35. Bxd4 {[%emt 0:00:38]} exd4 {[%emt 0:00:06]} 36. Ra1 {[%emt 0:01:20]} Qe6 {[%emt 0:04:12]} 37. h3 {[%emt 0:01:12]} Qe4 {[%emt 0:03:05]} 38. Qh7+ {[%emt 0:05:24]} Kc6 {[%emt 0:00:13]} 39. Qh6+ {[%emt 0:00:00]} Kb5 {[%emt 0:00:20]} 40. Kh2 {[%emt 0:00:00]} d3 {[%emt 0:00:00]} 41. Qd6 {[%emt 0:01:41]} c4 {[%emt 0:04:53]} 42. Qd7+ {[%emt 0:01:09]} Qc6 {[%emt 0:03:00]} 43. Qxf5+ {[%emt 0:00:12]} Kb4 {[%emt 0:00:40]} 44. Qf4 {[%emt 0:00:39]} Qd5 {[%emt 0:00:49]} 45. Ra2 {[%emt 0:01:45]} Rb1 {[%emt 0:01:30]} 46. Qd2+ {[%emt 0:01:57]} Kb3 {[%emt 0:01:17]} 47. Ra6 {[%emt 0:00:59]} Qd6+ {[%emt 0:00:12]} 48. g3 {[%emt 0:00:24]} Rb2 {[%emt 0:00:26]} 49. Qe3 {[%emt 0:04:22]} Kc2 {[%emt 0:00:52]} 50. Ra1 {[%emt 0:00:39]} d2 {[%emt 0:02:21]} 51. Qe2 {[%emt 0:00:10]} Qd3 {[%emt 0:02:41]} 52. Qd1+ {[%emt 0:00:07]} Kc3 {[%emt 0:00:05]} 53. Ra3+ {[%emt 0:00:22]} Rb3 {[%emt 0:00:05]} 54. Ra2 {[%emt 0:00:26]} Rb1 {[%emt 0:00:14]} 0-1

[Event "RUS-chT Higher League 2021"]
[Site "Sochi"]
[Date "2021.05.07"]
[Round "6.11"]
[White "Ulybin, Mikhail"]
[Black "Kalegin, Evgenij"]
[Result "1-0"]
[WhiteElo "2462"]
[BlackElo "2414"]
[Annotator "ChessBase"]
[PlyCount "125"]
[EventDate "2021.05.01"]
[EventType "team-tourn"]
[EventCountry "RUS"]
[SourceTitle "playchess.com"]
[Source "ChessBase"]
[SourceQuality "1"]
[TimeControl "40/5400+30:1800+30"]

1. d4 {[%emt 0:00:22]} Nf6 {[%emt 0:00:00]} 2. c4 {[%emt 0:00:59]} g6 {[%emt 0:00:00]} 3. Nc3 {[%emt 0:01:10]} Bg7 {[%emt 0:00:00]} 4. e4 {[%emt 0:00:58]} d6 {[%emt 0:00:02]} 5. Be2 {[%emt 0:01:32]} O-O {[%emt 0:00:37]} 6. Nf3 {[%emt 0:01:21]} Nbd7 {[%emt 0:00:12]} 7. O-O {[%emt 0:02:46]} e5 {[%emt 0:00:07]} 8. Be3 {[%emt 0:02:27]} c6 {[%emt 0:00:35]} 9. Qc2 {[%emt 0:01:42]} Ng4 {[%emt 0:03:43]} 10. Bg5 {[%emt 0:00:46]} Bf6 {[%emt 0:00:10]} 11. Bxf6 {[%emt 0:07:10]} Ngxf6 {[%emt 0:00:09]} 12. Rad1 {[%emt 0:04:45]} Qe7 {[%emt 0:00:22]} 13. Rfe1 {[%emt 0:02:15]} Nh5 {[%emt 0:01:46]} 14. Qd2 {[%emt 0:12:15]} Re8 {[%emt 0:11:39]} 15. b4 {[%emt 0:10:45]} a5 {[%emt 0:13:53]} 16. b5 {[%emt 0:06:07]} Ndf6 {[%emt 0:05:41]} 17. h3 {[%emt 0:11:25]} Nf4 {[%emt 0:28:15]} 18. Bf1 {[%emt 0:01:13]} Bd7 {[%emt 0:16:22]} 19. c5 {[%emt 0:11:19]} exd4 {[%emt 0:00:38]} 20. Qxf4 {[%emt 0:02:02]} dxc3 {[%emt 0:02:02]} 21. cxd6 {[%emt 0:00:30]} Qe6 {[%emt 0:00:54]} 22. Qh6 {[%emt 0:04:40]} c2 {[%emt 0:09:04]} 23. Rc1 {[%emt 0:05:01]} Qxd6 {[%emt 0:04:01]} 24. e5 {[%emt 0:00:38]} Qf8 {[%emt 0:01:06]} 25. Qxf8+ {[%emt 0:00:42]} Kxf8 {[%emt 0:00:01]} 26. exf6 {[%emt 0:02:20]} cxb5 {[%emt 0:00:19]} 27. Ne5 {[%emt 0:02:50]} Bc6 {[%emt 0:01:05]} 28. Rxc2 {[%emt 0:00:28]} Re6 {[%emt 0:00:17]} 29. Rc5 {[%emt 0:01:08]} b4 {[%emt 0:00:39]} 30. Rec1 {[%emt 0:00:55]} Rxf6 {[%emt 0:00:16]} 31. Nxc6 {[%emt 0:00:57]} bxc6 {[%emt 0:00:05]} 32. Be2 {[%emt 0:01:03]} Rd6 {[%emt 0:00:48]} 33. R1c2 {[%emt 0:01:06]} a4 {[%emt 0:00:37]} 34. Rb2 {[%emt 0:00:26]} Rb8 {[%emt 0:00:24]} 35. Ra5 {[%emt 0:00:21]} Rd4 {[%emt 0:00:49]} 36. Rxa4 {[%emt 0:00:24]} c5 {[%emt 0:00:02]} 37. Rc2 {[%emt 0:00:43]} Rc8 {[%emt 0:00:44]} 38. Bc4 {[%emt 0:00:40]} Rc7 {[%emt 0:00:06]} 39. Ra6 {[%emt 0:00:30]} h5 {[%emt 0:00:11]} 40. Rb6 {[%emt 0:00:00]} h4 {[%emt 0:00:00]} 41. Kf1 {[%emt 0:10:37]} Rd1+ {[%emt 0:04:19]} 42. Ke2 Rd4 43. Ke1 {[%emt 0:03:40]} Ke7 {[%emt 0:02:47]} 44. Be2 {[%emt 0:02:01]} Ra7 {[%emt 0:04:14]} 45. Ba6 {[%emt 0:05:26]} Rad7 {[%emt 0:04:50]} 46. Rc6 {[%emt 0:04:19]} R7d6 {[%emt 0:03:40]} 47. Rxd6 {[%emt 0:01:41]} Kxd6 {[%emt 0:00:55]} 48. Bc4 {[%emt 0:00:53]} f5 {[%emt 0:00:21]} 49. Bf7 {[%emt 0:03:27]} g5 {[%emt 0:00:13]} 50. Ke2 {[%emt 0:02:30]} Re4+ {[%emt 0:00:20]} 51. Kd3 {[%emt 0:00:48]} Rd4+ {[%emt 0:00:11]} 52. Ke2 {[%emt 0:00:56]} Re4+ {[%emt 0:00:04]} 53. Kf1 {[%emt 0:00:23]} Rf4 {[%emt 0:01:50]} 54. Bc4 {[%emt 0:00:49]} g4 {[%emt 0:01:36]} 55. hxg4 {[%emt 0:00:38]} fxg4 {[%emt 0:00:02]} 56. Bb3 {[%emt 0:00:33]} g3 {[%emt 0:00:56]} 57. f3 {[%emt 0:00:20]} Rd4 {[%emt 0:01:10]} 58. Ke2 {[%emt 0:00:36]} Kc6 {[%emt 0:05:40]} 59. Rc4 {[%emt 0:00:21]} Kd5 {[%emt 0:00:10]} 60. Rxb4+ {[%emt 0:00:35]} c4 {[%emt 0:00:01]} 61. Rxc4 {[%emt 0:00:38]} Rxc4 {[%emt 0:00:02]} 62. Bxc4+ {[%emt 0:00:30]} Kxc4 {[%emt 0:00:02]} 63. f4 {[%emt 0:00:12]} 1-0

[Event "RUS-chT Higher League 2021"]
[Site "Sochi"]
[Date "2021.05.07"]
[Round "6.12"]
[White "Zhelnin, Vladimir V"]
[Black "Garifullina, Leya"]
[Result "1-0"]
[WhiteElo "2408"]
[BlackElo "2386"]
[Annotator "NA"]
[PlyCount "93"]
[EventDate "2021.05.01"]
[EventType "team-tourn"]
[EventCountry "RUS"]
[SourceTitle "playchess.com"]
[Source "ChessBase"]
[SourceQuality "1"]
[TimeControl "40/5400+30:1800+30"]

1. e4 {[%emt 0:00:00]} c5 {[%emt 0:00:00]} 2. Nf3 {[%emt 0:00:11]} d6 {[%emt 0:00:00]} 3. Bc4 {[%emt 0:00:33]} Nf6 {[%emt 0:00:00]} 4. d3 {[%emt 0:00:10]} Nc6 {[%emt 0:00:07]} 5. O-O {[%emt 0:00:20]} e6 {[%emt 0:00:05]} 6. Re1 {[%emt 0:00:27]} Be7 {[%emt 0:00:13]} 7. Bb3 {[%emt 0:01:54]} O-O {[%emt 0:00:37]} 8. c3 {[%emt 0:00:10]} b5 {[%emt 0:00:21]} 9. Nbd2 {[%emt 0:00:53]} Bb7 {[%emt 0:00:11]} 10. Nf1 {[%emt 0:00:58]} Qc7 {[%emt 0:03:03]} 11. Ng3 {[%emt 0:02:03]} a5 {[%emt 0:00:15]} 12. a4 {[%emt 0:10:41]} b4 {[%emt 0:01:40]} 13. Bf4 {[%emt 0:01:52]} Ne5 {[%emt 0:05:31]} 14. Bxe5 {[%emt 0:08:35]} dxe5 {[%emt 0:00:11]} 15. Bc4 {[%emt 0:00:11]} Nd7 {[%emt 0:03:44]} 16. Qe2 {[%emt 0:02:52]} Rfd8 {[%emt 0:03:05]} 17. Red1 {[%emt 0:04:19]} Nf8 {[%emt 0:05:37]} 18. Nf1 {[%emt 0:23:06]} Ng6 {[%emt 0:00:53]} 19. Ne3 {[%emt 0:00:23]} Rf8 {[%emt 0:09:41]} 20. g3 {[%emt 0:01:45]} Bd6 {[%emt 0:04:27]} 21. h4 {[%emt 0:00:35]} Ne7 {[%emt 0:03:16]} 22. Kh2 {[%emt 0:05:07]} h6 {[%emt 0:04:36]} 23. Rh1 {[%emt 0:05:47]} Qc8 {[%emt 0:04:50]} 24. Ng4 {[%emt 0:05:03]} Nc6 {[%emt 0:03:17]} 25. Kg1 {[%emt 0:03:52]} f6 {[%emt 0:06:21]} 26. Ne3 {[%emt 0:05:53]} Ne7 {[%emt 0:05:25]} 27. Ng5 {[%emt 0:03:48]} hxg5 {[%emt 0:10:49]} 28. hxg5 {[%emt 0:00:10]} fxg5 {[%emt 0:00:12]} 29. Rh5 {[%emt 0:04:50]} g6 {[%emt 0:03:58]} 30. Rxg5 {[%emt 0:00:55]} Kg7 {[%emt 0:01:22]} 31. Qg4 {[%emt 0:01:39]} Rf6 {[%emt 0:00:12]} 32. Rh5 {[%emt 0:02:09]} Qf8 {[%emt 0:03:39]} 33. Rh2 {[%emt 0:00:59]} Kf7 {[%emt 0:01:30]} 34. Qg5 {[%emt 0:01:05]} Ke8 {[%emt 0:00:37]} 35. Ng4 {[%emt 0:00:13]} Rf3 {[%emt 0:00:48]} 36. Kg2 {[%emt 0:00:52]} Rf5 {[%emt 0:02:33]} 37. Qd2 {[%emt 0:01:24]} Rh5 {[%emt 0:02:32]} 38. Rah1 {[%emt 0:00:07]} Rxh2+ {[%emt 0:00:11]} 39. Rxh2 {[%emt 0:00:09]} Kd7 {[%emt 0:00:41]} 40. Rh7 {[%emt 0:00:00]} Rd8 {[%emt 0:00:00]} 41. Qg5 {[%emt 0:01:35]} Qf5 {[%emt 0:04:44]} 42. Qh4 {[%emt 0:00:35]} Rf8 {[%emt 0:01:03]} 43. Kh2 {[%emt 0:00:41]} Qf3 {[%emt 0:00:23]} 44. Nxe5+ {[%emt 0:00:14]} Kd8 {[%emt 0:05:03]} 45. Nxf3 {[%emt 0:02:51]} Rxf3 {[%emt 0:00:07]} 46. Kg2 {[%emt 0:02:54]} Rf8 {[%emt 0:00:13]} 47. Bxe6 {[%emt 0:00:26]} 1-0

[Event "RUS-chT Higher League 2021"]
[Site "Sochi"]
[Date "2021.05.08"]
[Round "7.1"]
[White "Lysyj, Igor"]
[Black "Bryakin, Mikhail"]
[Result "1-0"]
[WhiteElo "2605"]
[BlackElo "2467"]
[Annotator "TA"]
[PlyCount "131"]
[EventDate "2021.05.01"]
[EventType "team-tourn"]
[EventCountry "RUS"]
[SourceTitle "playchess.com"]
[Source "ChessBase"]
[SourceQuality "1"]

{[%evp 20,131,29,18,34,25,13,20,20,20,24,24,12,16,25,26,24,19,6,6,6,6,2,2,2,-19,-14,-17,0,-14,0,-3,-1,-1,-4,-7,-5,-18,0,0,0,-13,36,36,93,112,128,128,132,125,159,160,152,152,226,233,245,218,246,225,314,314,309,309,307,300,304,300,287,276,266,259,525,517,511,501,515,529,547,512,916,597,810,804,670,656,972,871,962,908,2059,1768,1661,810,802,802,802,802,766,732,874,844,745,698,29971,29975,29976,29976,29973,29979,29989,29990,29990,29991]} 1. d4 Nf6 2. c4 e6 3. Nf3 d5 4. g3 dxc4 5. Bg2 c5 6. O-O Nc6 7. dxc5 Qxd1 8. Rxd1 Bxc5 9. Nbd2 {[%cal Bb1d2,Bd2b3,Bb3a5,Ba5c4,Bc4e3][%mdl 32]} c3 10. bxc3 O-O 11. Nb3 Be7 {E04: Open Catalan: 5 Nf3.} 12. Nfd4 Nxd4 13. cxd4 Nd5 {The position is equal.} 14. Na5 Bb4 15. Nc4 Bd7 {[#]} 16. Bd2 $146 ({Predecessor:} 16. Rb1 Rfc8 17. Bxd5 exd5 18. Ne3 Bd6 19. Rxb7 Ba4 20. Re1 Bc6 21. Rb3 Rab8 22. Bd2 Rxb3 23. axb3 {1-0 (48) Wang,H (2726)-Naiditsch,A (2695) China 2019}) 16... Rfc8 17. Bxd5 exd5 18. Ne3 Ba3 19. Rab1 b6 20. Bb4 Bxb4 21. Rxb4 Rc3 22. Kf1 Ra3 23. Ra1 Rc8 24. Ke1 Kf8 25. Kd2 Be6 26. Nc2 Ra5 27. a3 Ke7 28. Ne3 Kd6 29. Nd1 g5 30. Nc3 h5 31. Rb5 Rxb5 (31... Ra6 $14) 32. Nxb5+ $14 {[%mdl 4096] Endgame KRB-KRN. White now steadily converts the win.} Ke7 33. Nxa7 Rc4 34. Nb5 Bd7 35. Nc3 Kd6 36. e3 Kc6 (36... g4 $16 {might work better.} 37. Rb1 Kc6) 37. h4 $18 f6 38. f3 Be6 39. Rb1 Bf5 40. Rh1 Bg6 41. g4 hxg4 42. fxg4 Kd7 43. hxg5 ({Weaker is} 43. Nxd5 Rc2+ 44. Kd1 Ke6 $16) 43... fxg5 44. Rh6 ({But not} 44. Nxd5 $6 Rc2+ 45. Kd1 Rc6 $18) 44... Rc6 45. Nxd5 Rd6 $2 {[#]} (45... Rc2+ {was worth a try.} 46. Ke1 Rc1+ 47. Kf2 Rc2+ 48. Kf3 Rc6) 46. Nc3 Ke7 47. d5 Rf6 48. e4 Kf7 49. Ke3 b5 (49... Kg7 $142) 50. Rh2 Ra6 51. Ra2 Ke7 52. Nxb5 Kf6 53. a4 Ke5 54. Nd4 Rb6 55. Nc6+ Kd6 56. Kd4 Rb1 57. e5+ Kc7 58. Ne7 Rd1+ 59. Ke3 Rd3+ 60. Kf2 Be4 61. a5 {[%cal Ba4a5,Ba5a6][%mdl 32]} Bxd5 62. Nxd5+ {White mates.} Rxd5 63. a6 Kb8 64. e6 Rd6 65. e7 Rf6+ 66. Ke1 {Weighted Error Value: White=0.11/Black=0.19} 1-0